| 000 | 01566nam a2200385 i 4500 | ||
|---|---|---|---|
| 001 | 25465 | ||
| 003 | FINmELB | ||
| 005 | 20241216215826.0 | ||
| 006 | m o u | ||
| 007 | cr cn||||||||| | ||
| 008 | 220814s2020 sp a ob 000 0 spa d | ||
| 020 |
_a9788430981038 _q(digital) |
||
| 020 |
_z9788430980987 _q(impreso) |
||
| 035 | _a(OCoLC)1342052225 | ||
| 040 |
_aFINmELB _bspa _erda _cFINmELB |
||
| 050 | 4 |
_aHD30.3 _bR664 |
|
| 080 | _a658:005.57 | ||
| 082 | 0 | 4 |
_a658.45 _223 |
| 100 | 1 |
_aRomero Rodríguez, Luis M., _eautor. |
|
| 245 | 1 | 0 |
_aManual de gestión de la comunicación corporativa / _cLuis M. Romero-Rodríguez. |
| 264 | 1 |
_aMadrid : _bTecnos, _c2020. |
|
| 300 |
_a1 recurso en línea (185 páginas) : _bilustraciones (blanco y negro), gráficos (blanco y negro) |
||
| 336 |
_atexto _btxt _2rdacontent/spa |
||
| 337 |
_acomputadora _bc _2rdamedia/spa |
||
| 338 |
_arecurso en línea _bcr _2rdacarrier/spa |
||
| 490 | 1 | _aBiblioteca universitaria de Editorial Tecnos. Derecho | |
| 504 | _aIncluye referencias bibliográficas. | ||
| 588 | _aDescripción basada en metadatos suministrados por el editor y otras fuentes. | ||
| 590 | _aRecurso electrónico. Santa Fe, Arg.: elibro, 2022. Disponible vía World Wide Web. El acceso puede estar limitado para las bibliotecas afiliadas a elibro. | ||
| 650 | 4 | _aComunicación empresarial. | |
| 655 | 4 | _aLibros electrónicos. | |
| 797 | 2 | _aelibro, Corp. | |
| 830 | 0 | _aBiblioteca universitaria de Editorial Tecnos. Derecho. | |
| 856 | 4 | 0 | _uhttps://elibro.net/ereader/politecnicointernacional/216937 |
| 999 |
_c25465 _d25465 |
||